| 000 -LEADER |
| fixed length control field |
01429 a2200253 4500 |
| 003 - CONTROL NUMBER IDENTIFIER |
| control field |
Nust |
| 005 - DATE AND TIME OF LATEST TRANSACTION |
| control field |
20220818153543.0 |
| 010 ## - LIBRARY OF CONGRESS CONTROL NUMBER |
| LC control number |
2002279906 |
| 020 ## - INTERNATIONAL STANDARD BOOK NUMBER |
| International Standard Book Number |
0471221899 (alk. paper) |
| 040 ## - CATALOGING SOURCE |
| Transcribing agency |
Nust |
| 082 ## - DEWEY DECIMAL CLASSIFICATION NUMBER |
| Classification number |
621.3825,HAN |
| 245 00 - TITLE STATEMENT |
| Title |
Handbook on satellite communications. |
| 250 ## - EDITION STATEMENT |
| Edition statement |
3rd ed. |
| 260 ## - PUBLICATION, DISTRIBUTION, ETC. |
| Place of publication, distribution, etc. |
New York, NY : |
| Name of publisher, distributor, etc. |
Wiley-Interscience ; |
| Place of publication, distribution, etc. |
Geneva : |
| Name of publisher, distributor, etc. |
International Telecommunication Union, |
| Date of publication, distribution, etc. |
c2002. |
| 300 ## - PHYSICAL DESCRIPTION |
| Extent |
xxxii, 1076 p. : |
| Other physical details |
ill. ; |
| Dimensions |
29 cm. |
| 505 ## - FORMATTED CONTENTS NOTE |
| Formatted contents note |
General (Page-1), Some Basic Technical Issues (Page-41), Base band Signal Processing And Multiplexing (Page-115), Carrier Modulation Techniques (Page-231), Multiple Access, Assignment And Network Architectures (Page-287),Space Segment (Page-349), Earth Segment (Page-471), Interconnection Of Satellite Networks With Terrestrial Networks And User Terminals (Page-699), Frequency Sharing, Interference And Coordination (Page-815). |
| 650 #0 - SUBJECT ADDED ENTRY--TOPICAL TERM |
| Topical term or geographic name entry element |
Telecommunication engineering |
| 710 2# - ADDED ENTRY--CORPORATE NAME |
| Corporate name or jurisdiction name as entry element |
International Telecommunication Union. |
| 9 (RLIN) |
98080 |
| 856 42 - ELECTRONIC LOCATION AND ACCESS |
| Materials specified |
Book review (E-STREAMS) |
| Uniform Resource Identifier |
<a href="http://www.e-streams.com/es0805/es0805_2028.htm">http://www.e-streams.com/es0805/es0805_2028.htm</a> |
| 856 42 - ELECTRONIC LOCATION AND ACCESS |
| Materials specified |
Contributor biographical information |
| Uniform Resource Identifier |
<a href="http://www.loc.gov/catdir/bios/wiley043/2002279906.html">http://www.loc.gov/catdir/bios/wiley043/2002279906.html</a> |
| 856 42 - ELECTRONIC LOCATION AND ACCESS |
| Materials specified |
Publisher description |
| Uniform Resource Identifier |
<a href="http://www.loc.gov/catdir/description/wiley036/2002279906.html">http://www.loc.gov/catdir/description/wiley036/2002279906.html</a> |
| 856 42 - ELECTRONIC LOCATION AND ACCESS |
| Materials specified |
Table of contents |
| Uniform Resource Identifier |
<a href="http://www.loc.gov/catdir/toc/wiley023/2002279906.html">http://www.loc.gov/catdir/toc/wiley023/2002279906.html</a> |
| 942 ## - ADDED ENTRY ELEMENTS (KOHA) |
| Koha item type |
Reference |
| Source of classification or shelving scheme |
|